| Tag |
First Indicator |
Second Indicator |
Subfields |
| LEADER |
00000cam a2200000 a 4500 |
| 001 |
in00001124513 |
| 005 |
20151222091504.0 |
| 008 |
930421s1993 ilua b 000 0 eng d |
| 020 |
|
|
|a 0028008030
|
| 020 |
|
|
|a 9780028008035
|
| 035 |
|
|
|a (OCoLC)27959414
|
| 035 |
|
|
|9 AFW2809AM
|
| 040 |
|
|
|a IPC
|c IPC
|d UtOrBLW
|
| 049 |
|
|
|a TXAM
|
| 050 |
1 |
4 |
|a QD33
|b .M351 1993
|
| 090 |
|
|
|a QD33
|b .S66 1993
|
| 100 |
1 |
|
|a Smoot, Robert C.
|
| 245 |
1 |
0 |
|a Merrill chemistry /
|c Robert C. Smoot, Richard G. Smith, Jack Price.
|
| 264 |
|
1 |
|a Lake Forest, Ill. :
|b Glencoe,
|c [1993]
|
| 264 |
|
4 |
|c ©1993
|
| 300 |
|
|
|a xviii, 910 pages :
|b color illustrations ;
|c 26 cm. +
|e teacher's ed. (36T, xviii, 910 pages : color illustrations ; 29 cm.)
|
| 336 |
|
|
|a text
|b txt
|2 rdacontent
|
| 337 |
|
|
|a unmediated
|b n
|2 rdamedia
|
| 338 |
|
|
|a volume
|b nc
|2 rdacarrier
|
| 504 |
|
|
|a Includes bibliographies and index.
|
| 650 |
|
0 |
|a Chemistry
|x Study and teaching (Secondary)
|
| 700 |
1 |
|
|a Price, Jack,
|d 1931-
|
| 700 |
1 |
|
|a Smith, Richard G.
|
| 740 |
0 |
|
|a Chemistry.
|
| 999 |
|
|
|a MARS
|
| 999 |
f |
f |
|s 52c5f215-73dd-3767-abed-0abf56a87235
|i ee7b3c0e-1bec-3af5-a9ce-e6c5175a84f0
|t 0
|
| 952 |
f |
f |
|p ric
|a Texas A&M University
|b Rellis Campus
|c Joint Library Facility
|s JLF
|d Remote Storage
|t 0
|e QD33 .S66 1993
|h Library of Congress classification
|i unmediated -- volume
|k Teachers ed.
|m A14817050681
|
| 952 |
f |
f |
|p ric
|a Texas A&M University
|b Rellis Campus
|c Joint Library Facility
|s JLF
|d Remote Storage
|t 0
|e QD33 .S66 1993
|h Library of Congress classification
|i unmediated -- volume
|k Student ed.
|m A14820360192
|
| 998 |
f |
f |
|a QD33 .S66 1993
|s Student ed.
|t 0
|l Remote Storage
|